| 000 | 01581cam a2200457 a 4500 | ||
|---|---|---|---|
| 001 | 20319 | ||
| 003 | VRT | ||
| 005 | 20260121123356.0 | ||
| 008 | 240314s1959 xo al g f 000 0 slo | ||
| 015 | _aSKSNBA1960/02-00220 | ||
| 020 | _q(brož.) | ||
| 035 | _aSK01SNK19600028312 | ||
| 035 | _aSKM000030775 | ||
| 039 | 9 |
_a202403141048 _bVLOAD _c202009291035 _dAUTHORITY _c201811270834 _dVLOAD _c201808131346 _dVLOAD |
|
| 040 |
_aSNK _bslo _cSNK _eAACR2 |
||
| 041 | 0 | _aslo | |
| 044 |
_axo _cSK |
||
| 072 | 7 |
_a641 _xKuchárstvo. Potraviny. Varené jedlá _2konspekt |
|
| 080 |
_a641.4:634.1/.8 _22001 |
||
| 080 |
_a(035) _22001 |
||
| 100 | 1 |
_aBuchtová, Helena, _d1902-1976 _4aut |
|
| 245 | 1 | 0 |
_aKonzervovanie a spracovanie ovocia v domácnosti _cHelena Buchtová |
| 250 | _a1. vyd. | ||
| 260 |
_aBratislava _bSlovenské vydavateľstvo pôdohospodárskej literatúry _c1959 |
||
| 300 |
_a163 s. _bilustr., tab. _c16 cm |
||
| 366 | _e8220 výt. | ||
| 490 | 1 |
_aMalá knižnica záhradkára _vzv. 10 |
|
| 650 | 0 | 7 |
_akonzervovanie ovocia _2SNKPH |
| 655 | 7 |
_apríručky _2SNKPH |
|
| 830 | 0 | _aMalá knižnica záhradkára | |
| 910 | _akis3gmm | ||
| 910 | _asnk | ||
| 910 | _asvkbb | ||
| 942 |
_2ddc _cOLDO _n0 |
||
| 949 |
_6270001000480091 _asvkbbS 3886 _bsvkbbm 56039 |
||
| 949 |
_617A0557204 _asnkSD 18153 D1 _bsnkKSP 46/60 |
||
| 949 |
_617A0475742 _asnkSD 18153 _bsnkKSP 45/60 |
||
| 949 |
_6273K0390550 _asvkpoA 29296 _bsvkpo69867 |
||
| 999 |
_c20319 _d20319 |
||